| 000 | 00686nam a22001937a 4500 | ||
|---|---|---|---|
| 003 | OSt | ||
| 005 | 20251218074827.0 | ||
| 008 | 251218b |||||||| |||| 00| 0 eng d | ||
| 020 | _a0-87553-120-2. | ||
| 040 |
_aDWCL-Main lib _cOC |
||
| 082 | _aCirc. 616.075 L123 1984 | ||
| 100 | _aWentworth, Berttina B. | ||
| 245 |
_aLaboratory methods for the diagnosis of sexually transmitted diseases _cWentworth, Berttina B. |
||
| 260 |
_aWashington, D.C. : _bAmerican Public Health Association, _cc1984. |
||
| 300 |
_aVII, 261 pages : _bchiefly illustration ; _c23 cm. |
||
| 650 | _21. Sexually transmitted diseases-Diagnosis. | ||
| 700 | _aJudson, Franklyn N. | ||
| 942 |
_2ddc _cBK-CIRC _kCirc. _n0 |
||
| 999 |
_c7205 _d7205 |
||